000 00485ntaaa2200181 4500
003 01
005 20251027202150.0
008 0714s1973 ag 01
040 _aAR-BaBN
_bspa
_cAR-BaBN
_eaacr
_dRIC
082 _a265.1000 V42
100 _aVaretto, Juan C
_97850
245 _aConversación familiar con los que quieren bautizarse
250 _a1 ed.
260 _aBuenos Aires :
_bJunta Bautista de Publicaciones,
_cc1957
300 _a26 p
650 _abautismo
_9285
942 _cBK
999 _c16629
_d16629